| 000 | 00384nam a2200169Ia 4500 | ||
|---|---|---|---|
| 003 | IT-RoPAU | ||
| 008 | 120407s9999 xx 000 0 und d | ||
| 040 | _aIT-RoPAU | ||
| 040 | _cIT-RoPAU | ||
| 100 | _aR. Giovagnoli | ||
| 245 | _aStoria politica d'Italia. Il Risorgimento (1861-1914) | ||
| 250 | _aMilano | ||
| 260 | _aVallardi | ||
| 300 | _c cm | ||
| 490 | _v1 | ||
| 942 | _cBK | ||
| 999 |
_c12404 _d12404 |
||